000
00276nam a2200133Ia 4500
100
_a
Umarani/G.G & Other
942
_c
BK
654
_a
Physics
245
_a
Applied Physics
260
_b
Nirali prakashan
_a
Pune
_c
1984
082
_a
530
300
_a
270
546
_a
ENGLISH
999
_c
35073
_d
35073